Pays qui traversent l'Equateur - Statistiques

Statistiques générales
  • Ce quiz a été pris 35 fois
  • Le résultat moyen est 8 sur 13
Statistiques - réponses
Hint Réponse % Correct
Amérique du sud Brésil
100%
Amérique du sud Equateur
97%
Amérique du sud Colombie
87%
Afrique République Démocratique du Congo
87%
Asie Indonésie
81%
Afrique République du Congo
77%
Afrique Kenya
74%
Afrique Gabon
55%
Afrique Ouganda
55%
Afrique Somalie
52%
Afrique Sao Tomé et Principe
32%
Océanie Kiribati
26%
Asie Maldives
19%
Aucun quiz correspondant
Distribution des résultats
% des personnes avec chaque résultat
Percentile par nombre de réponses
Votre historique - résultats
Vous n’avez pas pris ce quiz